| Поле | Инд. | ПП | Название | Значение |
|---|---|---|---|---|
| Тип записи | a | |||
| Библиографический уровень | m | |||
| 001 | Контрольный номер | 002146742 | ||
| 005 | Дата корректировки | 20260529083638.2 | ||
| 008 | Кодируемые данные | 030521s2003 y zzzz 100 1 rus u | ||
| 020 | z | Отмененный/ ошибочный ISBN | 5-7567-0284-9 | |
| 040 | a | Служба первич. каталог. | RuMo | |
| a | Служба первич. каталог. | НБ ТвГУ | ||
| e | Правила каталог. | ГОСТ 7.1-84 с изм. | ||
| 041 | 0_ | a | Код языка текста | rus |
| 080 | a | Индекс УДК | 316.647.5(082) | |
| 084 | a | Индекс другой классификации/Индекс ББК | С524.251я431 | |
| 090 | a | Полочн. индекс | С524.2 | |
| x | Авторский знак | Т 52 | ||
| 245 | 10 | a | Заглавие | Толерантность и поликультурное общество |
| b | Продолж. заглавия | материалы международной научной конференции в рамках 1 Фестиваля гуманитарных наук "Нальчик-2001", 3-6 сентября 2001 г. | ||
| c | Ответственность | Ин-т "Открытое о-во" (Фонд Сороса - Россия, Правительство РФ, Федер. целевая прогр. "Формирование установок толерант. сознания и профилактика экстремизма в рос. о-ве", Кабард.-Балкар. гос. ун-т | ||
| 260 | a | Место издания | Москва | |
| b | Издательство | Аспект Пресс | ||
| c | Дата издания | 2003 | ||
| e | Место печатания | Моск. тип. ООО Информполиграф | ||
| 300 | a | Объем | 174, [1] с. | |
| c | Размеры | 21 см. | ||
| 500 | a | Примечание | На тит. л.:Федер. целевая программа "Формирование установок толерант. сознания и профилактика экстремизма в рос. о-ве", Кабард.-Балк. гос. ун-т | |
| 500 | a | Примечание | НАСТОЯЩИЙ МАТЕРИАЛ (ИНФОРМАЦИЯ) ПРОИЗВЕДЕН, РАСПРОСТРАНЕН И (ИЛИ) НАПРАВЛЕН ИНОСТРАННЫМ АГЕНТОМ ДЖ. СОРОСОМ, ЯВЛЯЮЩИМСЯ УЧРЕДИТЕЛЕМ (ЧЛЕНОМ, УЧАСТНИКОМ, РУКОВОДИТЕЛЕМ ИЛИ ЛИЦОМ, ВХОДЯЩИМ В СОСТАВ ОРГАНА ЛИЦ УКАЗАНЫХ В ЧАСТИ 4 СТАТЬИ 9 ФЕДЕРАЛЬНОГО ЗАКОНА «О КОНТРОЛЕ ЗА ДЕЯТЕЛЬНОСТЬЮ ЛИЦ, НАХОДЯЩИХСЯ ПОД ИНОСТРАННЫМ ВЛИЯНИЕМ») ФОНДА «ОТКРЫТОЕ ОБЩЕСТВО», ВКЛЮЧЕННОГО В РЕЕСТР ИНОСТРАННЫХ АГЕНТОВ | |
| 500 | a | Примечание | В содерж. авт.: Г. М. Авилов, И. Л. Бабич, Р. М. Кумышева, В. К. Малькова и др. | |
| 504 | a | Библиография | Библиогр. в примеч. в конце ст. | |
| 520 | 0_ | a | Аннотация | Сборник посвящен проблемам политической и религиозной толерантности, предотвращения конфликтов, взаимодействия этнических групп, вопросам безопасности и развития. |
| 653 | 0_ | a | Ключевые слова | Межкультурное взаимодействие |
| a | Ключевые слова | Межэтнические отношения | ||
| a | Ключевые слова | Модели поведения | ||
| a | Ключевые слова | Общество | ||
| a | Ключевые слова | Поликультурное общество | ||
| a | Ключевые слова | Политическая толерантность | ||
| a | Ключевые слова | Религиозная толерантность | ||
| a | Ключевые слова | Социальная толерантность | ||
| a | Ключевые слова | Социальное поведение | ||
| a | Ключевые слова | Социология | ||
| a | Ключевые слова | Социум | ||
| a | Ключевые слова | Толерантность | ||
| 852 | 41 | i | Расстановочный признак | Проверка 2026 |
| 920 | a | Оператор | Стру | |
| a | Оператор | Поля | ||
| 930 | a | Новая/Ретро | сборники | |
| 952 | c | Вид литературы | К рн | |
| 954 | a | Дата поступления на обработку | 20101030 |